Stress and stress coping in cultivated plants (Record no. 40828)

MARC details
000 -LEADER
fixed length control field 00538nam a2200193Ia 4500
082 ## - DEWEY DECIMAL CLASSIFICATION NUMBER
Classification number 581.5
Item number MCK
100 ## - MAIN ENTRY--AUTHOR NAME
Personal name Leshem, Ya Acov Y
245 #0 - TITLE STATEMENT
Title Stress and stress coping in cultivated plants
260 ## - PUBLICATION, DISTRIBUTION, ETC. (IMPRINT)
Place of publication Netherlands
Name of publisher Kluwer academic publishers
Year of publication 1994
650 ## - SUBJECT ADDED ENTRY--TOPICAL TERM
Topical Term Biological stress
650 ## - SUBJECT ADDED ENTRY--TOPICAL TERM
Topical Term Drought stress
650 ## - SUBJECT ADDED ENTRY--TOPICAL TERM
Topical Term Freezing stress
650 ## - SUBJECT ADDED ENTRY--TOPICAL TERM
Topical Term Heat stress
650 ## - SUBJECT ADDED ENTRY--TOPICAL TERM
Topical Term Oxidative stress
650 ## - SUBJECT ADDED ENTRY--TOPICAL TERM
Topical Term Pollution stress
700 ## - ADDED ENTRY--PERSONAL NAME
Personal name Mc Kersie, Bryand
942 ## - ADDED ENTRY ELEMENTS (KOHA)
Koha item type Books
Holdings
Withdrawn status Lost status Damaged status Not for loan Home library Current library Date acquired Cost, normal purchase price Full call number Accession Number Koha item type
        RRII Library RRII Library 16/12/2021 220.00 581.5 MCK 21122 Books